Catálogo
 En Linea

Duelo de gigantes / (Registro nro. 19429)

Detalles MARC
000 -CABECERA
campo de control de longitud fija 00652nam a2200217 a 4500
001 - NÚMERO DE CONTROL
campo de control 000019916
005 - FECHA Y HORA DE LA ÚLTIMA TRANSACCIÓN
campo de control 20200929170205.0
008 - DATOS DE LONGITUD FIJA--INFORMACIÓN GENERAL
campo de control de longitud fija 100709s1998 ec r 000 p spa d
020 ## - NÚMERO INTERNACIONAL ESTÁNDAR DEL LIBRO
Número Internacional Estándar del Libro 9978621105
040 ## - FUENTE DE LA CATALOGACIÓN
Centro catalogador/agencia de origen DO-SdBNP
Lengua de catalogación spa
Centro/agencia transcriptor BNPHU
082 ## - NÚMERO DE LA CLASIFICACIÓN DECIMAL DEWEY
Número de clasificación E861.44
Número de documento/Ítem E829d
049 ## - FONDOS LOCALES (OCLC)
Fondos de biblioteca BNGR
100 1# - ENTRADA PRINCIPAL--NOMBRE DE PERSONA
Nombre de persona Estupiñán Bass, Nelson,
Fechas asociadas al nombre 1912-2002
9 (RLIN) 19816
245 10 - MENCIÓN DE TÍTULO
Título Duelo de gigantes /
Mención de responsabilidad, etc. Nelson Estupiñán Bass.
250 ## - MENCIÓN DE EDICIÓN
Mención de edición 3a ed.
260 ## - PUBLICACIÓN, DISTRIBUCIÓN, ETC.
Lugar de publicación, distribución, etc. Quito :
Nombre del editor, distribuidor, etc. Casa de la Cultura Ecuatoriana,
Fecha de publicación, distribución, etc. 1998.
300 ## - DESCRIPCIÓN FÍSICA
Extensión 133 p. ;
Dimensiones 21 cm.
500 ## - NOTA GENERAL
Nota general Incluye glosario de términos.
650 #4 - PUNTO DE ACCESO ADICIONAL DE MATERIA--TÉRMINO DE MATERIA
Término de materia o nombre geográfico como elemento de entrada Poesía ecuatoriana
9 (RLIN) 13387
650 #4 - PUNTO DE ACCESO ADICIONAL DE MATERIA--TÉRMINO DE MATERIA
Término de materia o nombre geográfico como elemento de entrada Literatura ecuatoriana
9 (RLIN) 3938
Existencias
Estado de retiro Estado de pérdida Restricciones de uso No para préstamo Código de colección Localización permanente Ubicación/localización actual Ubicación en estantería Fecha de adquisición Número de inventario Total de préstamos Signatura topográfica completa Código de barras Fecha visto por última vez Precio válido a partir de Tipo de ítem Koha
        Monografías: Libros y Folletos General General En catalogación 09.07.2010 LF1   E861.44 E829d 19916-10 25.06.2020 25.06.2020 Préstamo en sala

Con tecnología Koha